Calidad y productividad

সংরক্ষণ করুন:
গ্রন্থ-পঞ্জীর বিবরন
প্রধান লেখক: Gutiérrez Pulido, Humberto (Author)
বিন্যাস: গ্রন্থ
ভাষা:স্প্যানিশ
প্রকাশিত: Guadalajara Mc Graw Hill Education 2014
সংস্করন:4a. ed
বিষয়গুলি:
ট্যাগগুলো: ট্যাগ যুক্ত করুন
কোনো ট্যাগ নেই, প্রথমজন হিসাবে ট্যাগ করুন!

MARC

LEADER 00000cam a2200000 a 4500
001 UCE7674
003 CL-VaPUC
008 150626e20140000mx |||||||||||||||||spa|d
020 |a 9786071503152 
082 0 4 |a 658.515  |b GUT  |2 21 
100 |a Gutiérrez Pulido, Humberto  |e author  |9 222254 
245 1 0 |a Calidad y productividad 
250 |a 4a. ed 
300 |a 381 p 
942 |c BK 
945 |d 20150626 15:30:00  |a gsalatino 
260 |a Guadalajara  |b Mc Graw Hill Education  |c 2014 
650 0 |a Calidad  |9 320582 
650 0 |a Productividad industrial  |9 263788 
583 |a last modification  |c 20150626 15:30:00  |k Rodrigo Vera 
999 |c 359725  |d 359723 
952 |0 0  |1 0  |3 erb  |4 0  |6 658_515000000000000_GUT_2014  |7 0  |8 A  |9 469246  |a BIBENE  |b BIBENE  |i 5164540  |o 658.515 GUT 2014  |p 5164540  |r 2025-01-15  |w 2019-11-23  |y BK  |z Catalogado en:20150626  |k ICO